Landscape plants: Their identification culture and use (Record no. 42376)

MARC details
000 -LEADER
fixed length control field 00392nam a2200145Ia 4500
020 ## - INTERNATIONAL STANDARD BOOK NUMBER
ISBN 0827360177
082 ## - DEWEY DECIMAL CLASSIFICATION NUMBER
Classification number 635:712
Item number BRI
100 ## - MAIN ENTRY--AUTHOR NAME
Personal name Bridwell, Ferrell M
245 #0 - TITLE STATEMENT
Title Landscape plants: Their identification culture and use
260 ## - PUBLICATION, DISTRIBUTION, ETC. (IMPRINT)
Place of publication New York
Name of publisher Delmar Thomson learning
Year of publication 1994
650 ## - SUBJECT ADDED ENTRY--TOPICAL TERM
Topical Term Bamboos
650 ## - SUBJECT ADDED ENTRY--TOPICAL TERM
Topical Term Palms
942 ## - ADDED ENTRY ELEMENTS (KOHA)
Koha item type Books
Holdings
Withdrawn status Lost status Damaged status Not for loan Home library Current library Date acquired Full call number Accession Number Koha item type
        RRII Library RRII Library 16/12/2021 635:712 BRI 22650 Books